Préfectures et sous-préfectures du Pays de la Loire - Statistiques

Statistiques générales
  • Ce quiz a été pris 252 fois
  • Le résultat moyen est 11 sur 16
Statistiques - réponses
Département Ville % Correct
Loire-Atlantique - Préfecture Nantes
99%
Maine-et-Loire - Préfecture Angers
97%
Sarthe - Préfecture Le Mans
92%
Vendée - Préfecture La-Roche-sur-Yon
91%
Mayenne - Préfecture Laval
90%
Loire-Atlantique Saint-Nazaire
88%
Maine-et-Loire Cholet
75%
Maine-et-Loire Saumur
72%
Mayenne Mayenne
69%
Vendée Les-Sables-d'Olonne
68%
Sarthe La Flèche
59%
Loire-Atlantique Châteaubriant
52%
Vendée Fontenay-le-Comte
46%
Sarthe Mamers
26%
Maine-et-Loire Segré-en-Anjou Bleu
25%
Mayenne Château-Gontier-sur-Mayenne
19%
Aucun quiz correspondant
Distribution des résultats
% des personnes avec chaque résultat
Percentile par nombre de réponses
Votre historique - résultats
Vous n’avez pas pris ce quiz